000 00222nam a22000857a 4500
008 170127b xxu||||| |||| 00| 0 eng d
100 _92601
_aVerma.etal.
245 _aConcepts of Mathematics-8
260 _aNew delhi
_bPrachi
_c2008
999 _c5739
_d5739